| 000 | 01336nam1a2200301 i 4500 | ||
|---|---|---|---|
| 001 | RU\NLR\bibl\21176 | ||
| 005 | 20240919170545.0 | ||
| 035 | _a(NLR Aleph) 000020638 | ||
| 090 |
_a94272 _c94272 |
||
| 100 | _a19990409g19989999u y0rusy50 ca | ||
| 101 | 0 | _arus | |
| 102 | _aRU | ||
| 105 | _a||||||||||||| | ||
| 200 | 1 |
_aЭтимология и балто-славянское лексическое сравнение в праславянской лексикографии _eМатериалы для балто-слав. слов. _fА.Е. Аникин _gРос. акад. наук. Сиб. отд-ние, Ин-т филологии |
|
| 210 |
_aНовосибирск _cСиб. хронограф _d1998 |
||
| 215 | _d20 | ||
| 463 | 0 | _100120447 | |
| 606 | 0 |
_aСлавянские языки _xЭтимологические словари _91665030 _3RU\NLR\auth\661036749 |
|
| 606 | 0 |
_aБалтийские языки _xЭтимологические словари _92081960 _3RU\NLR\auth\661257968 |
|
| 686 | _aШ141-402 | ||
| 686 | _aШ142-402 | ||
| 700 | 1 |
_aАникин _bА. Е. _gАлександр Евгеньевич _4070 |
|
| 801 | 0 |
_aRU _bNLR _c19990409 _gPSBO |
|
| 801 | 1 |
_aRU _bNLR _c19990409 |
|
| 830 | _aАвт. по кн. | ||
| 852 |
_aNLR _j99-3/1002 |
||
| 942 | _cBOOK | ||